Sterbeorte berühmter Komponisten - Statistiken

Allgemein
  • Dieses Quiz wurde 12 mal gespielt
  • Das Durchschnittsergebnis liegt bei 30 aus 89
Antwortstatistiken
Komponist Sterbejahr Antwort % Korrekt
Leopold Mozart 1787 Salzburg
90%
Georg Friedrich Händel 1759 London
80%
Wolfgang Amadeus Mozart 1791 Wien
80%
Joseph Haydn 1809 Wien
80%
Ludwig van Beethoven 1827 Wien
80%
Guiseppe Verdi 1901 Mailand
70%
Frederic Chopin 1849 Paris
70%
Claude Debussy 1918 Paris
70%
Bedrich Smetana 1884 Prag
70%
Franz Schubert 1828 Wien
70%
Anton Bruckner 1896 Wien
70%
Mikis Theodorakis 2021 Athen
60%
Robert Schumann 1856 Bonn
60%
Johann Sebastian Bach 1750 Leipzig
60%
Maurice Ravel 1937 Paris
60%
Antonin Dvorak 1904 Prag
60%
Edvard Grieg 1907 Bergen
50%
Georg Philipp Telemann 1767 Hamburg
50%
Felix Mendelssohn Bartholdy 1847 Leipzig
50%
Alexander Nikolajewitsch Skrjabin 1914 Moskau
50%
Sergej Prokofjew 1953 Moskau
50%
Dmitri Schostakowitsch 1975 Moskau
50%
Jean-Baptiste Lully 1687 Paris
50%
Jean-Philippe Rameau 1764 Paris
50%
Giovanni Pierluigi da Palestrina 1594 Rom
50%
Johannes Brahms 1897 Wien
50%
Gustav Mahler 1911 Wien
50%
Jan Pieterszoon Sweelinck 1621 Amsterdam
40%
Franz Liszt 1886 Bayreuth
40%
Hanns Eisler 1962 Berlin
40%
Peter Eötsvös 2024 Budapest
40%
Astor Piazolla 1992 Buenos Aires
40%
Ennio Morricone 2020 Rom
40%
Claudio Monteverdi 1643 Venedig
40%
Richard Wagner 1883 Venedig
40%
Witold Lutosławski 1994 Warschau
40%
Antonio Vivaldi 1741 Wien
40%
Gaetano Donizetti 1848 Bergamo
30%
Wilhelm Friedemann Bach 1784 Berlin
30%
Heinrich Schütz 1672 Dresden
30%
Clara Schumann 1896 Frankfurt am Main
30%
Richard Strauss 1949 Garmisch-Partenkirchen
30%
Niels Wilhelm Gade 1890 Kopenhagen
30%
Krzysztof Penderecki 2020 Krakau
30%
Carl Maria von Weber 1826 London
30%
Arnold Schönberg 1951 Los Angeles
30%
Erich Wolfgang Korngold 1957 Los Angeles
30%
Dieterich Buxtehude 1707 Lübeck
30%
Orlando di Lasso 1594 München
30%
Peter Tschaikowsky 1893 Sankt Petersburg
30%
György Ligeti 2006 Wien
30%
Sergej Rachmaninow 1943 Beverly Hills
20%
Paul Hindemith 1963 Frankfurt am Main
20%
Max Reger 1916 Leipzig
20%
George Gershwin 1937 Los Angeles
20%
Georg Böhm 1733 Lüneburg
20%
Johann Pachelbel 1706 Nürnberg
20%
Luciano Berio 2003 Rom
20%
Modest Mussorgski 1881 Sankt Petersburg
20%
Alexander Borodin 1887 Sankt Petersburg
20%
Christoph Willibald Gluck 1787 Wien
20%
Camille Saint-Saens 1921 Algier
10%
Pierre Boulez 2016 Baden-Baden
10%
Johann Crüger 1662 Berlin
10%
Max Bruch 1920 Berlin
10%
Giacomo Puccini 1924 Brüssel
10%
Bruno Maderna 1973 Darmstadt
10%
Alfred Schnittke 1998 Hamburg
10%
Carl Loewe 1869 Kiel
10%
Karol Szymanowski 1937 Lausanne
10%
Domenico Scarlatti 1757 Madrid
10%
Henryk Wieniawski 1880 Moskau
10%
Engelbert Humperdinck 1921 Neustrelitz
10%
Kurt Weill 1950 New York City
10%
Charles Ives 1954 New York City
10%
Igor Strawinsky 1971 New York City
10%
Leonard Bernstein 1990 New York City
10%
Leoš Janáček 1928 Ostrava
10%
Alexander Glasunow 1936 Paris
10%
Kaija Saariaho 2023 Paris
10%
Ernest Bloch 1959 Portland, Oregon
10%
Hans Pfitzner 1949 Salzburg
10%
Johann Nepomuk Hummel 1837 Weimar
10%
Michael Praetorius 1621 Wolfenbüttel
10%
Edward Elgar 1934 Worcester
10%
Andreas Hammerschmidt 1675 Zittau
10%
Olivier Messiaen 1992 Clichy
0%
Hans Werner Henze 2012 Dresden
0%
Luigi Boccherini 1805 Madrid
0%
Keine übereinstimmenden Quizze gefunden
Verteilung der Resultate
Anzahl Personen mit jedem Resultat
Perzentil nach korrekt beantworteten Fragen
Ihre Resultats-Entwicklung
Sie haben dieses Quiz noch nicht gespielt